The Oxford book of children's verse in America / (Record no. 232498)

000 -LEADER
fixed length control field 01210pam a2200289 a 4500
001 - CONTROL NUMBER
control field 952386
003 - CONTROL NUMBER IDENTIFIER
control field Nust
005 - DATE AND TIME OF LATEST TRANSACTION
control field 20170220100523.0
008 - FIXED-LENGTH DATA ELEMENTS--GENERAL INFORMATION
fixed length control field 840918s1985 nyu j 001 0 eng
010 ## - LIBRARY OF CONGRESS CONTROL NUMBER
LC control number 84020755
020 ## - INTERNATIONAL STANDARD BOOK NUMBER
International Standard Book Number 9780195067613
Terms of availability $18.95
040 ## - CATALOGING SOURCE
Original cataloging agency DLC
Transcribing agency DLC
Modifying agency DLC
042 ## - AUTHENTICATION CODE
Authentication code lcac
050 00 - LIBRARY OF CONGRESS CALL NUMBER
Classification number PS586.3
Item number .O94 1985
082 00 - DEWEY DECIMAL CLASSIFICATION NUMBER
Classification number 811.00809282
Author Mark HAL
245 04 - TITLE STATEMENT
Title The Oxford book of children's verse in America /
Statement of responsibility, etc. edited by Donald Hall.
260 ## - PUBLICATION, DISTRIBUTION, ETC.
Place of publication, distribution, etc. New York :
Name of publisher, distributor, etc. Oxford University Press,
Date of publication, distribution, etc. 1985.
300 ## - PHYSICAL DESCRIPTION
Extent xxxviii, 319 p. ;
Dimensions 23 cm.
500 ## - GENERAL NOTE
General note Companion volume to: The Oxford book of children's verse.
500 ## - GENERAL NOTE
General note Includes indexes.
520 ## - SUMMARY, ETC.
Summary, etc. A collection of American poems written for children or traditionally enjoyed by children, by such authors as Longfellow, Poe, Eugene Field, Langston Hughes, Dr. Seuss, and Jack Prelutsky.
650 #0 - SUBJECT ADDED ENTRY--TOPICAL TERM
Topical term or geographic name entry element Children's poetry, American.
650 #1 - SUBJECT ADDED ENTRY--TOPICAL TERM
Topical term or geographic name entry element American poetry
General subdivision Collections.
700 1# - ADDED ENTRY--PERSONAL NAME
Personal name Hall, Donald,
Dates associated with a name 1928-
856 42 - ELECTRONIC LOCATION AND ACCESS
Materials specified Publisher description
Uniform Resource Identifier <a href="http://www.loc.gov/catdir/enhancements/fy0603/84020755-d.html">http://www.loc.gov/catdir/enhancements/fy0603/84020755-d.html</a>
906 ## - LOCAL DATA ELEMENT F, LDF (RLIN)
a 7
b cbc
c orignew
d 1
e ocip
f 19
g y-gencatlg
942 ## - ADDED ENTRY ELEMENTS (KOHA)
Source of classification or shelving scheme
Koha item type Book
Holdings
Withdrawn status Lost status Source of classification or shelving scheme Damaged status Not for loan Collection code Permanent Location Current Location Shelving location Date acquired Full call number Barcode Date last seen Copy number Price effective from Koha item type
            Central Library (CL) Central Library (CL) Children Section 02/20/2017 811.00809282 HAL CL350 02/20/2017 1 02/20/2017 Book
© 2023 Central Library, National University of Sciences and Technology. All Rights Reserved.